00552nam a2200181 450000500170000001000150001702000270003203500140005903700130007308200120008624500790009826000610017727000560023830000200029450000190031470000200033370000170035320190514145424.0 aENG-125177 a9788123025308c2045.00 aEN-108709 bDBAD/PUB a347.540 aCourts of India:bpast to present/ced. by Shadan Perween [and] Divya Jain aNew DelhibDirector General, Publications Divisionc2018 aMinistry of Information and BroadcastingbNew Delhi a512p.c29cm(Hb) aIncludes index aPerween,Shadan  aJain, Divya